000 00887nam a2200229 a 4500
001 BRCA_3124
005 20190320204125.0
008 081201s2008 cl-a---###---#000-0#spa-#
020 _a9789567297023
040 _aDLC
_cDLC
050 4 _aN6502
_b.A44 2008
245 1 0 _aAmérica
_bterritorios de transferencias
_ceditores Marcela Drien, Fernando Guzmán, Juan Manuel Martínez.
260 _aSantiago de Chile
_bDirección de Biliotecas, Archivos y Museos : Museo Histórico Nacional
_c2008
300 _a323 p.
_bil.
_c26 cm.
500 _aCuartas Jornadas de Historia del Arte (Valparaso, Chile and Viña del Mar (Chile), 20 - 22 agosto, 2008
504 _aIncluye referencias bibliográficas
650 1 4 _aArte Latinoamericano
_xCongresos
_98482
700 1 _aDrien, Marcela
_98483
700 1 _aGuzmán, Fernando
_98484
700 1 _aMartínez, Juan Manuel
_98485
942 _2lcc
_cB
999 _c2860
_d2860